| 000 | 00354nam a22001457a 4500 | ||
|---|---|---|---|
| 003 | OSt | ||
| 005 | 20160727222448.0 | ||
| 008 | 160704b xxu||||| |||| 00| 0 eng d | ||
| 040 | _cTEST | ||
| 100 |
_91990 _a Stevenson, D.E |
||
| 245 | _aMusic in the Hills | ||
| 260 |
_aChicago _b People Book Club _c1950 |
||
| 300 | _aMusic in the Hills | ||
| 942 |
_2ddc _cBK |
||
| 999 |
_c1691 _d1691 |
||